000 01372cam a22003254a 4500
001 13943727
003 OSt
005 20150408114009.0
008 050427s2005 nyua b 001 0 eng
010 _a 2005012195
020 _a9780521853262 (hardback)
020 _a9780521140058
020 _a0521853265 (hardback)
040 _aDLC
_cDLC
_dDLC
042 _apcc
050 0 0 _aTA357
_b.D364 2009
082 0 0 _a620.1064
_222
100 1 _aDate, Anil W.
_q(Anil Waman)
_99814
245 1 0 _aIntroduction to computational fluid dynamics /
_cAnil W. Date.
260 _aNew York :
_bCambridge University Press,
_cc2009.
300 _axx, 377 p. :
_bill. ;
_c26 cm.
504 _aIncludes bibliographical references and index.
650 0 _aFluid dynamics
_xMathematics
_vTextbooks.
_99815
650 0 _aNumerical analysis
_vTextbooks.
_99816
856 4 1 _3Table of contents only
_uhttp://www.loc.gov/catdir/toc/ecip0512/2005012195.html
856 4 2 _3Publisher description
_uhttp://www.loc.gov/catdir/enhancements/fy0632/2005012195-d.html
856 4 2 _3Contributor biographical information
_uhttp://www.loc.gov/catdir/enhancements/fy0733/2005012195-b.html
942 _2ddc
_cBOOK
999 _c20948
_d255448